000 00586nam a2200169 i 4500
001 93529
003 ES-MaACL
005 20230906181243.0
007 t|
008 050413s1971 sp ||||1| spa d
100 1 _aLópez, Nicolás María.
_973361
245 1 3 _aEl veneno de la Alhambra
_b: (Elegías de Antón del Sauce) /
_cNicolás María López; dibujos de A. Garrido del Castillo.
260 _aGranada :
_b[s.n.],
_c1971 (
_fTip. Luis F. Piñar Rocha)
300 _a114 p. :
_bil. ;
_c19 cm.
700 1 _aGarrido del Castillo, A.
_955695
852 _aES-MaACL
_jC-49712
_bR.77597
999 _c93529
_d93529